000 00561nam a2200217Ia 4500
999 _c41175
_d41175
001 7826
003 GE_BSU
005 20221114145225.0
008 181216s2011en xx |||||||||||||| ||eng||
020 _a9781597268271x
040 _cGE_BSU
041 _aeng
080 _a711.55 G-30
100 _aGelh, Jan
_914818
245 _aLife Between Building /
_cJan Gelh.
264 _aWashington :
_bIsland Press,
_c2011.
300 _a207p.:
_bIll;
_c23 cm.
653 _aLife Between Building
653 _aარქიტექტურა
942 _cBK
_2udc